000 00293nam a22001337a 4500
008 180221b xxu||||| |||| 00| 0 eng d
020 _a39307692
041 _aeng
080 _a038
100 _a23
101 _aFJA
245 _aGerman a structural approach
_cLohnes,W.F
942 _2udc
_cBK
999 _c43049
_d43049